002380000a220007300045001000021000002450068000213000053000897730022001421 aSchaper, Joachim10aThe temple treasury committee in the times of Nehemiah and Ezra aVol. 47, Num. 2 (Abril, 1997), Páginas 200-2060 tVetus Testamentum